000 00299nam a2200109Ia 4500
008 200302s9999 xx 000 0 und d
100 _aRobert Holden & Jamie Liversedge
245 _aConstruction for Landscape Architecture
260 _bLaurence King Publishing Ltd.
260 _c2011
300 _a240
999 _c3616
_d3616